Osmanlı İmparatorluğunun Sınırları İçindeki Günümüz Ülkeleri - Statistics

General Stats
  • This quiz has been taken 1 044 times
  • The average score is 25 of 31
Answers on the Map
Answers color-coded by a green-red scale on the quiz's map according to % correct below.
 
Answer Stats
Country % Correct
Türkiye
99%
Suriye
98%
Yunanistan
98%
Irak
97%
Mısır
96%
Bulgaristan
95%
Gürcistan
93%
Kıbrıs
92%
İsrail
91%
Romanya
88%
Suudi Arabistan
88%
Ukrayna
88%
Rusya
87%
Arnavutluk
86%
Cezayir
86%
Sırbistan
83%
Lübnan
82%
Bosna Hersek
81%
Libya
81%
Tunus
79%
Kuzey Makedonya
78%
Hırvatistan
76%
Karadağ
76%
Macaristan
76%
Kosova
75%
Ürdün
73%
Moldova
71%
Slovakya
63%
Kuveyt
60%
Sudan
38%
Eritre
31%
No matching quizzes found
Score Distribution
Percent of People with Each Score
Percentile by Number Answered
Your Score History
You have not taken this quiz